Frauen im Gefängnis

Gespeichert in:  
Bibliographische Detailangaben
1. VerfasserIn: Haesler, Walter T. 1926-2020 (Verfasst von)
Medienart: Druck Aufsatz
Sprache:Deutsch
Veröffentlicht: 1966
In: Zeitschrift für Strafvollzug
Jahr: 1966, Band: 15, Heft: 5, Seiten: 267-284
Bestand in Albert-Krebs Bibliothek:Z.01
1.1950 - 23.1974
Verfügbarkeit prüfen: HBZ Gateway
Schlagwörter:

MARC

LEADER 00000caa a2200000 c 4500
001 1631541757
003 DE-627
005 20250502134326.0
007 tu
008 130402s1966 xx ||||| 00| ||ger c
035 |a (DE-627)1631541757 
035 |a (DE-576)380524066 
035 |a (DE-599)BSZ380524066 
040 |a DE-627  |b ger  |c DE-627  |e rakwb 
041 |a ger 
084 |a 2,1  |2 ssgn 
100 1 |a Haesler, Walter T.  |d 1926-2020  |0 (DE-588)1043185445  |0 (DE-627)770204910  |0 (DE-576)161265197  |4 aut 
109 |a Haesler, Walter T. 1926-2020  |a Haesler, Walter Theodor 1926-2020  |a Haesler, W. T. 1926-2020  |a Haesler, Walter 1926-2020 
245 1 0 |a Frauen im Gefängnis  |c Walter Haesler 
264 1 |c 1966 
336 |a Text  |b txt  |2 rdacontent 
337 |a ohne Hilfsmittel zu benutzen  |b n  |2 rdamedia 
338 |a Band  |b nc  |2 rdacarrier 
773 0 8 |i In  |t Zeitschrift für Strafvollzug  |d Darmstadt : [Verlag nicht ermittelbar], 1950  |g 15(1966), 5, Seite 267-284  |w (DE-627)129458597  |w (DE-600)200238-3  |w (DE-576)014822016  |x 0513-9139  |7 nnas 
773 1 8 |g volume:15  |g year:1966  |g number:5  |g pages:267-284 
935 |a mkri 
951 |a AR 
AKB |a 1.1950 - 23.1974  |b Z.01 
ELC |b 1 
LOK |0 000 xxxxxcx a22 zn 4500 
LOK |0 001 3282461380 
LOK |0 003 DE-627 
LOK |0 004 1631541757 
LOK |0 005 20250623121310 
LOK |0 008 130402||||||||||||||||ger||||||| 
LOK |0 040   |a DE-21-110  |c DE-627  |d DE-21-110 
LOK |0 689   |a s  |a Frauen 
LOK |0 689   |a s  |a Vollzug 
LOK |0 852   |a DE-21-110 
LOK |0 852 1  |m p  |9 00 
LOK |0 935   |a k110 
LOK |0 938   |k p 
LOK |0 939   |a 02-04-13  |b l01 
LOK |0 000 xxxxxcx a22 zn 4500 
LOK |0 001 4196305091 
LOK |0 003 DE-627 
LOK |0 004 1631541757 
LOK |0 005 20221011151347 
LOK |0 008 221011||||||||||||||||ger||||||| 
LOK |0 035   |a (DE-2619)pk00545 
LOK |0 040   |a DE-2619  |c DE-627  |d DE-2619 
LOK |0 092   |o n 
LOK |0 852   |a DE-2619 
LOK |0 852 1  |m p  |9 00 
LOK |0 935   |a kreb 
LOK |0 938   |k p 
LOK |0 939   |a 11-10-22  |b l01 
ORI |a SA-MARC-krimdoka001.raw